Encyclopedie medico- chirurgicale

Na minha lista:
Detalhes bibliográficos
Formato: Livro
Idioma:Undetermined
Publicado em: Paris Editions Techniques
Assuntos:
Tags: Adicionar Tag
Sem tags, seja o primeiro a adicionar uma tag!
Thư viện lưu trữ: Trung tâm Học liệu Trường Đại học Cần Thơ
LEADER 00440nam a2200157Ia 4500
001 CTU_76743
008 210402s9999 xx 000 0 und d
082 |a 610.3 
082 |b E56/T2/R.3 
245 0 |a Encyclopedie medico- chirurgicale 
260 |a Paris 
260 |b Editions Techniques 
650 |a Medicine 
650 |x Dictionaries,Encyclopedias 
904 |i Mai Loan,Hải 
980 |a Trung tâm Học liệu Trường Đại học Cần Thơ